01083nam0a22002411 4500001003100000005001700031035002600048100004100074101000800115102000700123105001800130200027900148210001500427215002700442606009700469620001700566686002000583700002000603712015000623801002200773801002300795852002300818RU\INFOCOMM_327\NLR\500001306520250613104115.0 a(NLR Aleph) 009486770 a20121212d1966 |||y0rusy50 ca0 aeng aRU ay z |||||1 aTwo long-span suspended roofs for WarsawfBohdan KoygSymposium on problems of interdependence of design and construction of large-span shells for industrial and civic buildings ... Leningrad, 6-9 Sept. 1966. Theme 1. Design of roof shells for industrial and civic buildings a[M.]d1966 a14 с.cил.d21 см0 aПромышленные зданияxПокрытия висячие3RU\NLR\AUTH\66863426 aМосква aТ28-6302rubbk 1aKoybB.gBohdan12aSymposium on problems of interdependence of design and construction of large-span shells for industrial and civic buildingseLeningradf19664570 1aRUbNLRc20121212 0aRUbINFOCOMMgPSBO aNLRjТ81 Г-4/173